00450 a2200145 450000100060000008200160000609000170002210000240003924500590006325000140012226000250013694200260016199900190018795200980020663356 a297.122 BIL c37407d37407 aSyed Hamid Bilgrami aFayooz-ul-Quraan (Tarjuma aur Tafseer) Jild DoumhUrdu aJild Doum aPakistanbFeroz Sons aCAE NUSTk297.122 BIL c298429d298429 001040708NFICaCAEbCAEd2017-04-03l0o297.122 BILpCAEG-5536r2017-04-05w2017-04-05yBK